Medical imaging signals and systems (Record no. 54)

000 -LEADER
fixed length control field 00565nam a22002177a 4500
001 - CONTROL NUMBER
control field 54
003 - CONTROL NUMBER IDENTIFIER
control field BD-DhUET
008 - FIXED-LENGTH DATA ELEMENTS--GENERAL INFORMATION
fixed length control field 140714b xxu||||| |||| 00| 0 eng d
020 ## - INTERNATIONAL STANDARD BOOK NUMBER
International Standard Book Number 9788131721360
040 ## - CATALOGING SOURCE
Transcribing agency 0
Modifying agency BD-DhUET
082 ## - DEWEY DECIMAL CLASSIFICATION NUMBER
Classification number 616.0754
Item number PRI/2006
100 ## - MAIN ENTRY--PERSONAL NAME
Personal name Prince, Jerry L.
245 ## - TITLE STATEMENT
Title Medical imaging signals and systems
250 ## - EDITION STATEMENT
Edition statement 1st ed.
260 ## - PUBLICATION, DISTRIBUTION, ETC. (IMPRINT)
Place of publication, distribution, etc. New Delhi
Name of publisher, distributor, etc. Pearson Education
Date of publication, distribution, etc. 2006
300 ## - PHYSICAL DESCRIPTION
Extent 496p.
504 ## - BIBLIOGRAPHY, ETC. NOTE
Bibliography, etc Includes bibliographies
650 #0 - SUBJECT ADDED ENTRY--TOPICAL TERM
Topical term or geographic name as entry element Diagnostic imaging-Digital techniques
700 ## - ADDED ENTRY--PERSONAL NAME
Personal name Links, Jonathan M.
942 ## - ADDED ENTRY ELEMENTS (KOHA)
Koha item type General Book
Holdings
Koha normalized classification for sorting Shelving location Withdrawn status Koha issues (times borrowed) Koha full call number Sublocation or collection (holding branch) Price effective from Lost status Damaged status Date acquired Koha date last borrowed Koha date last seen Not for loan Piece designation (barcode) Copy number Location (home branch) Koha item type Source of classification or shelving scheme
616_000000000000000_0754PRI200Circulation section 4616.0754/PRI/2006Central Library, BUET2014-07-14  2014-07-142025-07-082025-12-01 1107562Central Library, BUETGeneral Book 
616_075400000000000_PRI_2006Circulation section 3616.0754/PRI/2006Central Library, BUET2014-07-21  2014-07-212025-07-082025-12-01 1107551Central Library, BUETGeneral Book